Educación en Valores para el nivel básico (Record no. 9277)

MARC details
000 -LEADER
campo de control de longitud fija 00418nam a2200145Ia 4500
001 - NÚMERO DE CONTROL
campo de control 1227
008 - DATOS DE LONGITUD FIJA--INFORMACIÓN GENERAL
campo de control de longitud fija 241024s9999 xx 000 0 und d
082 ## - NÚMERO DE LA CLASIFICACIÓN DECIMAL DEWEY
Número de clasificación RD/370.11/R426e
100 ## - ENTRADA PRINCIPAL--NOMBRE DE PERSONA
Nombre de persona República Dominicana.Secretaría de Estado de Educación y Cultura
245 #0 - MENCIÓN DEL TÍTULO
Título Educación en Valores para el nivel básico
260 ## - PUBLICACIÓN, DISTRIBUCIÓN, ETC.
Nombre del editor, distribuidor, etc. Editora Corripio
Fecha de publicación, distribución, etc. 2000
590 ## - NOTA LOCAL (RLIN)
Nota local si
901 ## - ELEMENTOS DE DATOS A LOCAL LDA (RLIN)
a 18/2/2011 12:01:37 p.m.

No items available.

© 2024. Todos los Derechos Reservados. Desarrollado por IDEICE